当駅始発の設定がある駅(東京メトロ・都営地下鉄) - Statistics

General Stats
  • This quiz has been taken 361 times
  • The average score is 63 of 75
Answer Stats
Hint Answer % Correct
銀座線 渋谷
99%
副都心線 渋谷
99%
銀座線 浅草
97%
丸ノ内線 新宿
96%
丸ノ内線 池袋
96%
東西線 中野
96%
有楽町線 池袋
96%
副都心線 池袋
96%
新宿線 新宿
96%
銀座線 上野
95%
丸ノ内線 荻窪
94%
日比谷線 北千住
94%
東西線 西船橋
94%
千代田線 代々木上原
94%
千代田線 北千住
94%
丸ノ内線 方南町
92%
日比谷線 中目黒
92%
千代田線 大手町
92%
千代田線 綾瀬
92%
千代田線 北綾瀬
92%
有楽町線 和光市
92%
有楽町線 新木場
92%
半蔵門線 押上
92%
副都心線 和光市
92%
浅草線 押上
92%
丸ノ内線 中野坂上
91%
丸ノ内線 新宿三丁目
91%
副都心線 新宿三丁目
91%
新宿線 本八幡
90%
有楽町線 小竹向原
89%
南北線 赤羽岩淵
89%
副都心線 小竹向原
89%
大江戸線 光が丘
88%
有楽町線 豊洲
87%
南北線 白金高輪
87%
三田線 白金高輪
87%
三田線 西高島平
87%
大江戸線 都庁前
87%
丸ノ内線 中野富士見町
86%
東西線 東陽町
86%
浅草線 西馬込
86%
浅草線 泉岳寺
85%
東西線 妙典
84%
半蔵門線 清澄白河
84%
大江戸線 清澄白河
84%
日比谷線 南千住
83%
丸ノ内線 茗荷谷
82%
有楽町線 有楽町
82%
半蔵門線 半蔵門
82%
三田線 高島平
82%
日比谷線 霞ケ関
81%
千代田線 霞ケ関
81%
東西線 浦安
80%
日比谷線 広尾
78%
銀座線 溜池山王
77%
銀座線 新橋
77%
有楽町線 市ケ谷
77%
南北線 溜池山王
77%
南北線 市ケ谷
77%
南北線 駒込
77%
千代田線 湯島
76%
新宿線 大島
76%
副都心線 千川
74%
半蔵門線 住吉
73%
南北線 王子神谷
73%
銀座線 虎ノ門
72%
丸ノ内線 後楽園
72%
半蔵門線 水天宮前
72%
浅草線 浅草橋
68%
南北線 麻布十番
67%
新宿線 岩本町
64%
三田線 御成門
59%
三田線 新板橋
56%
大江戸線 汐留
54%
大江戸線 新御徒町
48%
No matching quizzes found
Score Distribution
Percent of People with Each Score
Percentile by Number Answered
Your Score History
You have not taken this quiz